Bài tập tiếng Anh 11 Sách giáo khoa thí điểm
Guardat en:
| Autor principal: | |
|---|---|
| Altres autors: | , , |
| Format: | Llibre |
| Idioma: | Vietnamese |
| Publicat: |
H.
Giáo dục
2004
|
| Col·lecció: | Bộ 2
|
| Matèries: | |
| Etiquetes: |
Afegir etiqueta
Sense etiquetes, Sigues el primer a etiquetar aquest registre!
|
| Thư viện lưu trữ: | Trung tâm Học liệu Lê Vũ Hùng, Trường Đại học Đồng Tháp |
|---|
| LEADER | 00843pam a22002658a 4500 | ||
|---|---|---|---|
| 001 | 00026664 | ||
| 005 | 20210310110329.0 | ||
| 008 | 110816s2004 ||||||viesd | ||
| 041 | 0 | # | |a vie |
| 082 | 1 | 4 | |a 428 |b T306A |
| 100 | 0 | # | |a Tứ Anh |e Chủ biên |
| 245 | 0 | 0 | |b Sách giáo khoa thí điểm |a Bài tập tiếng Anh 11 |c Tứ Anh (ch.b)...[và nh. ng. khác] |
| 260 | # | # | |a H. |b Giáo dục |c 2004 |
| 300 | # | # | |a 163 tr. |b minh họa |c 24 cm. |
| 490 | # | # | |a Bộ 2 |
| 650 | # | 4 | |a Lớp 11 |
| 650 | # | 4 | |a Tiếng anh |
| 650 | # | 4 | |a Sách giáo viên |
| 700 | 1 | # | |a Huỳnh Đông Hải |
| 700 | 1 | # | |a Phan Hà |e ch.b |
| 700 | 1 | # | |a Vũ Thị Lan |
| 852 | # | # | |j KD.0011049 |
| 852 | # | # | |b Kho đọc |j KD.0011049 |
| 910 | # | # | |d 16/08/2011 |
| 980 | # | # | |a Trung tâm Học liệu Lê Vũ Hùng, Trường Đại học Đồng Tháp |